=LDR 00000nam 2200000 4500 =001 INLIS000000000013573 =005 20130612104939 =008 ***********************************Ind** =035 ##$$0010-061300000013573 =041 ##$$a Ind =082 ##$$a 796.334 2 =090 ##$$a 796.334 2, Gif t =100 ##$$a Gifford,Clive =245 ##$$a Taktik, Clive Gifford =260 ##$$a 2002 $b Jakarta6bGapurnamitra sejati =300 ##$$a 32 hlm, Ilus, 28 cm =650 ##$$a Sepak bola - Teknik =850 ##$$a NBPNMAT